Responses for Show #4784 - Thursday, May 26, 2005

Contestants

[<< previous game]

Damon Poore, a live-in caregiver from Longview, Washington

Kate Sendegeya, a payroll manager from Antioch, California

Bob Shore, an attorney from Los Angeles, California (whose 1-day cash winnings total $26,001)

[next game >>]

Jeopardy! Round responses

BRITISH AUTHORS
YOU'RE A DOLL!
THAT'S WRITE!
AROUND THE USA
GROOMING AIDS
ABBREV.
    $200 17
(Jane) Austen

Bob
    $200 21
Frank Sinatra

Kate
    $200 12
doodles

Bob
    $200 1
Georgia

Kate
    $200 2
floss

Bob
    $200 4
Earn Run Average

Bob
    $400 18
Alfred Lord Tennyson

Damon
    $400 22
a limousine

Kate
    $400 13
a draft

Kate
    $400 3
Texas

Bob
    $400 30
astringent

Bob
    $400 5
Equal Rights Amendment

Bob
    $1,000 19
(Damon: Who is Browning?)

William Wordsworth

Damon
    $600 23
101 Dalmatians

Damon
    $600 14
transcribe

Kate
    $600 9
North Carolina

Bob
    $600 29
mousse

Bob
    $600 6
Distinguished Service Medal

Bob
    $800 20
(Alex: If you were familiar with The Decline and Fall of the Roman Empire, you'd be familiar with [*].)

Edward Gibbon

Triple Stumper
    $800 24
Anna Karenina

Kate
    $800 15
holographic

Bob
    $800 10
Smokes

Triple Stumper
    $800 28
(Kate: What is Tampax?)

Powder Puff

Kate
Triple Stumper
    $800 7
least common denominator

Bob
    $1000 26
George Orwell

Triple Stumper
    $1000 25
White Diamonds

Damon
    $1000 16
(Bob: What is Call?)

Scrawl

Bob
Triple Stumper
    $1000 11
(Kate: What is Molokai?)

Maui

Kate
Triple Stumper
    $1000 27
Cutex

Triple Stumper
    $1000 8
deoxyribonucleic acid

Bob

Scores at the first commercial break (after clue 16):

Bob Kate Damon
$4,200 $200 $0

Scores at the end of the Jeopardy! Round:

Bob Kate Damon
$5,400 $800 $1,000

Double Jeopardy! Round responses

CHEMISTRY
(Alex: Hey, we're back in school.)
MAKING WAVES
THE ____ ZONE
[Each clue is read by a man impersonating Rod Serling.]
HE'S A JAMAICAN, MON
DREAD
"LOCK"s
    $400 3
gas

Bob
    $400 26
a wipeout

Damon
    $400 5
the end zone

Kate
    $400 1
Bob Marley

Kate
    $400 2
fear to tread

Bob
    $400 13
clockwise

Bob
    $800 4
a bond

Damon
    $800 27
Apocalypse Now

Bob
    $800 6
(Damon: What is a different time zone? What is [*]?)
(Alex: Yes, that's it. You were on to it early, that's good.)

the Central time zone

Damon
    $800 22
Prime Minister

Bob
    $800 18
(Damon: Who is de Medici?)

Machiavelli

BobDamon
    $800 14
a blockade

Bob
    $1200 10
electrons

Bob
    $1200 28
(Damon: What is the flow?)
(Alex: Go with the flow...? [Looks to judges] Nope.)
(Kate: What is wakeboarding?)
...
(Alex: Damon, you were on the right track. The sport is [*].)

flowboarding

KateDamon
Triple Stumper
    $1200 7
nuclear free zone

Bob
    $1200 23
Natalie Cole

Kate
    $1200 19
Phobos

Bob
    $1200 15
wedlock

Bob
    $1600 9
nickel

Damon
    $1600 29
a leash

Triple Stumper
    $1600 11
the canal zone

Bob
    $1600 24
cricket

Bob
    $1600 20
the Lord (God accepted)

Damon
    $4,000 16
a flintlock

Bob
    $2000 8
12

Bob
    $2000 30
(Alex: You were in it just a little while ago, before coming out here on stage. You were in [*].)

the green room

Triple Stumper
    $2000 12
the demilitarized zone

Damon
    $2000 25
(Kate: What is KahlĂșa?)
...
(Alex: The Jamaican liqueur is [*].)

Tia Maria

Kate
Triple Stumper
    $4,600 21
(Alex: There are fewer than two categories left in play.)
(Damon: I will wager $4600.)

Angst

Damon
    $2000 17
hemlock

Bob

Scores at the end of the Double Jeopardy! Round:

Bob Kate Damon
$25,800 -$400 $10,800
(lock game)

[wagering suggestions for these scores]

Final Jeopardy! Round responses

MYTHOLOGICAL WORDS
(Damon: I tried to write "Nubians".)
(Alex: "Nubians"?)
(Damon: Yes.)
(Alex: You just put "Bians".)
(Damon: I know, I di--there wasn't enough room on the--)
(Alex: Old "Bians". But you're wrong either way.)
...
(Alex: No, that is incorrect. We're talking about...)
(Bob: Sarcophagus.)
(Alex: No. We're talking about [*]. [*].)
DamonWhat are Bians
$10,200
BobWhat is Sepulchre?
$4,199
the sphinx

Final scores:

Bob Kate Damon
$21,601 -$400 $600
2-day champion: $47,602 3rd place: $1,000 2nd place: $2,000

Game dynamics:

Coryat scores:

Bob Kate Damon
$23,400 -$400 $9,200
29 R
(including 1 DD),
1 W
9 R,
4 W
10 R
(including 1 DD),
3 W
(including 1 DD)

Combined Coryat: $32,200

[game clues] [game scores] [suggest correction]

Game tape date: 2004-11-16
The J! Archive is created by fans, for fans. Scraping, republication, monetization, and malicious use prohibited; this site may use cookies and collect identifying information. See terms. The Jeopardy! game show and all elements thereof, including but not limited to copyright and trademark thereto, are the property of Jeopardy Productions, Inc. and are protected under law. This website is not affiliated with, sponsored by, or operated by Jeopardy Productions, Inc. Join the discussion at JBoard.tv.